| 000 | 00372pam a2200145a 44500 | ||
|---|---|---|---|
| 008 | 230405s2022 xxu||||| |||| 00| 0 eng d | ||
| 020 | _a9788194727675 | ||
| 082 |
_a610.73 _bFRA |
||
| 100 | _aFrank, J.C. | ||
| 245 | _aCumulative Record Book for B.Sc. Nursing | ||
| 260 |
_aPanjab _bVision Health Sc. Pub. _c2022 |
||
| 300 | _a40 p. | ||
| 502 | _atext | ||
| 906 | _a004501 | ||
| 999 |
_c252516 _d252516 |
||